|
|
|
|
| LEADER |
00000nab a2200000 a 4500 |
| 001 |
vtls010105853 |
| 003 |
SK-MaSNL |
| 005 |
20260303080744.0 |
| 008 |
140422c2010 xo ||||||||||||00 b|slo |
| 015 |
|
|
|a SNBRB2010/06
|2 snkbucl
|
| 038 |
|
|
|a SNKBUCL
|
| 040 |
|
|
|a SNKBUCL
|b slo
|c SNKBUCL
|e AACR2
|
| 041 |
0 |
|
|a slo
|
| 044 |
|
|
|a xo
|c SK
|
| 080 |
|
|
|a 821.18-1
|2 2001
|
| 100 |
1 |
|
|a Lahi, Riza
|4 aut
|9 1083039
|
| 245 |
1 |
0 |
|a Skadarské verše
|c Riza Lahi ; preložil Pavol Janík
|
| 300 |
|
|
|b Fotogr.
|
| 500 |
|
|
|a Blok obsahuje 5 básní
|
| 650 |
0 |
7 |
|a albánska poézia
|2 SNKPH
|9 150595
|
| 700 |
1 |
|
|a Janík, Pavol,
|d 1956-
|4 trl
|9 221069
|
| 740 |
0 |
2 |
|a Neomylní Skadarčania
|
| 740 |
0 |
2 |
|a Bývalí básnici- mojej generácie
|
| 740 |
0 |
2 |
|a Hry čajok
|
| 740 |
0 |
2 |
|a Vody
|
| 740 |
0 |
2 |
|a Ráno
|
| 773 |
0 |
|
|t Literárny (dvoj)týždenník
|g Roč. XXIII, č. 15-16 (2010), s. 7
|x 0862-5999
|
| 852 |
|
|
|a SNK
|b KIS3GCP
|
| 958 |
|
|
|a LX
|
| 958 |
|
|
|a AL
|
| 999 |
|
|
|c 1781850
|d 1783780
|